[Event "1st Hainan Open 2016"]
[Site "Danzhou CHN"]
[Date "2016.12.11"]
[Round "5.15"]
[White "Lu, Shanglei"]
[Black "Xiao, Yiyi"]
[Result "1-0"]
[WhiteTitle "GM"]
[BlackTitle "WFM"]
[WhiteElo "2627"]
[BlackElo "2302"]
[WhiteFideId "8603332"]
[BlackFideId "8606161"]
[EventDate "2016.12.07"]

1. e4 e5 2. Bc4 Nf6 3. d3 Bc5 4. Nf3 d6 5. O-O Nc6 6. c3 O-O 7. Bb3 a6 8. Re1
Ba7 9. Nbd2 Ne7 10. Nf1 Ng6 11. Ng3 h6 12. h3 Nh7 13. d4 Ng5 14. Nf5 Nxf3+ 15.
Qxf3 Nh4 16. Qg3 Nxf5 17. exf5 exd4 18. Bxh6 Qf6 19. Bg5 Qxf5 20. Be7 Re8 21.
Bxd6 Rxe1+ 22. Rxe1 cxd6 23. Re8+ Kh7 24. Qh4+ Kg6 25. g4 Qg5 26. Qg3 Qc1+ 27.
Kg2 dxc3 28. Qd3+ Kg5 29. Bxf7 d5 30. Rxc8 1-0

[Event "1st Hainan Open 2016"]
[Site "Danzhou CHN"]
[Date "2016.12.11"]
[Round "5.16"]
[White "Gusain, Himal"]
[Black "Chen, Qi b"]
[Result "1-0"]
[WhiteElo "2448"]
[BlackElo "2290"]
[WhiteFideId "5033861"]
[BlackFideId "8614733"]
[EventDate "2016.12.07"]

1. e4 c5 2. Nf3 d6 3. d4 cxd4 4. Nxd4 Nf6 5. Nc3 a6 6. Bg5 e6 7. f4 b5 8. e5
dxe5 9. fxe5 Qc7 10. exf6 Qe5+ 11. Be2 Qxg5 12. O-O Ra7 13. Nf3 Qh6 14. Qe1 gxf6
15. Ne4 Be7 16. Qg3 Qe3+ 17. Nf2 Nd7 18. Qg7 Rf8 19. Rae1 Qc5 20. Kh1 Qh5 21.
Bd3 Bb7 22. Ne4 Ra8 23. Ng3 Qc5 24. Qxh7 Kd8 25. a4 Kc7 26. axb5 axb5 27. b4 Qb6
28. c4 Ra2 29. c5 Qa6 30. Be4 Bxe4 31. Qxe4 Rg8 32. Qh7 Rf8 33. Nf5 Kd8 34. N5d4
e5 35. Nf5 Qc6 36. Rd1 Rb2 37. Nd6 Rxb4 38. Nxf7+ Rxf7 39. Qxf7 Bxc5 40. Rd5 Kc7
41. Rfd1 Bd4 42. h3 Rb2 43. Nxd4 exd4 44. R1xd4 Qc1+ 45. Rd1 1-0

[Event "1st Hainan Open 2016"]
[Site "Danzhou CHN"]
[Date "2016.12.11"]
[Round "5.17"]
[White "Vignesh, N R"]
[Black "Chu, Wei Chao"]
[Result "0-1"]
[WhiteTitle "IM"]
[BlackTitle "IM"]
[WhiteElo "2432"]
[BlackElo "2281"]
[WhiteFideId "25012215"]
[BlackFideId "8605661"]
[EventDate "2016.12.07"]

1. d4 Nf6 2. c4 c5 3. d5 e6 4. Nc3 exd5 5. cxd5 d6 6. Nf3 g6 7. h3 Bg7 8. Bf4
O-O 9. e3 Na6 10. Be2 Nc7 11. a4 Re8 12. O-O Ne4 13. Rc1 Rb8 14. Nxe4 Rxe4 15.
Bg5 Qe8 16. b3 b5 17. Nd2 Rb4 18. axb5 Nxd5 19. Nc4 Be6 20. Bf3 Nc3 21. Qxd6
Rxb3 22. Na5 R3xb5 23. Bc6 Qf8 24. Be7 Qc8 25. Bxb5 Rxb5 26. Qd2 Qd7 27. Qxd7
Bxd7 28. Nc4 Ne2+ 29. Kh2 Nxc1 30. Rd1 Rb7 31. Na5 Rc7 32. Rxc1 Bf8 33. Bf6 Be6
34. Be5 Rc8 35. Nc4 Be7 36. Nd6 Rc6 37. Ne4 Bf5 38. Nc3 f6 39. Bg3 Be6 40. Nb5
Rb6 41. Nc3 Kf7 42. Na4 Rc6 43. Rb1 Ra6 44. Rb7 Bd5 45. Rc7 Rxa4 46. Bd6 Re4 0-1

[Event "1st Hainan Open 2016"]
[Site "Danzhou CHN"]
[Date "2016.12.11"]
[Round "5.18"]
[White "Liu, Guanchu"]
[Black "Kulkarni, Bhakti"]
[Result "1/2-1/2"]
[WhiteTitle "IM"]
[BlackTitle "CM"]
[WhiteElo "2418"]
[BlackElo "2281"]
[WhiteFideId "8603901"]
[BlackFideId "5019516"]
[EventDate "2016.12.07"]

1. e4 e5 2. Nf3 Nc6 3. Bc4 Bc5 4. O-O d6 5. c3 Nf6 6. d4 exd4 7. cxd4 Bb6 8. d5
Ne5 9. Nxe5 dxe5 10. Nc3 O-O 11. Qd3 a6 12. Be3 Bxe3 13. Qxe3 Qd6 14. a4 Bd7 15.
Be2 c6 16. Qb6 a5 17. Ra3 Rfc8 18. Rb3 Qf8 19. Qe3 Rab8 20. Qb6 cxd5 21. exd5
Qc5 22. Rd1 Bf5 23. d6 Be6 24. Rb5 Qxb6 25. Rxb6 Nd7 26. Rb5 b6 27. Nd5 Bxd5 28.
Rbxd5 Rc5 29. Bb5 Rxd5 30. Rxd5 Rd8 31. h3 f6 32. Bc4 Kf8 33. Rb5 Nc5 34. Rxb6
Nxa4 35. Rb7 Rxd6 36. Rf7+ Ke8 37. Rxg7 Nxb2 38. Bb5+ Kf8 39. Rxh7 Rd1+ 40. Kh2
a4 41. Ra7 Ra1 42. h4 a3 43. h5 Kg8 44. h6 Rc1 45. Be8 Rc8 46. Bd7 Rb8 47. Bf5
Nd1 48. f3 Ne3 49. Be6+ Kh8 50. Rxa3 Rb6 51. Bh3 Nf1+ 52. Kg1 Ng3 53. Kf2 Nh1+
54. Kg1 Ng3 55. Ra1 Kh7 56. Kf2 Nh5 57. Bg4 Rb2+ 58. Ke3 Nf4 59. Ke4 Kg6 60. Ra3
Re2+ 61. Re3 Ra2 62. Rb3 Rxg2 63. h7 Re2+ 64. Re3 Rxe3+ 65. Kxe3 Kxh7 66. Ke4
Kg6 67. Bd7 Kg5 68. Bc6 Ng6 69. Bd7 Nh4 70. Be6 Ng2 71. Bd7 Nf4 72. Bc6 Ne2 73.
Ke3 Ng3 74. Bb7 f5 75. Bc8 f4+ 76. Kd3 Kf6 77. Kc4 Ne2 78. Kd5 Nd4 79. Bg4 Ne2
80. Kd6 Nc3 81. Bd7 Nd1 82. Bc6 Nc3 83. Bb7 Nb5+ 84. Kc5 Nd4 85. Kd6 Ne6 86. Bc6
Ng5 87. Bb7 Nf7+ 88. Kd5 Kg5 89. Bc8 Kh4 90. Ke6 Ng5+ 91. Kxe5 Kg3 92. Bb7 Nxf3+
93. Kf5 Nd4+ 94. Kg5 Ne2 95. Bc6 Nc3 96. Bb7 Ne2 97. Bc6 Kf2 98. Bb7 Ke3 99. Kf5 1/2-1/2

[Event "1st Hainan Open 2016"]
[Site "Danzhou CHN"]
[Date "2016.12.13"]
[Round "6.1"]
[White "Yu, Yangyi"]
[Black "Tan, Zhongyi"]
[Result "1-0"]
[WhiteTitle "GM"]
[BlackTitle "WGM"]
[WhiteElo "2729"]
[BlackElo "2496"]
[WhiteFideId "8603820"]
[BlackFideId "8603642"]
[EventDate "2016.12.07"]

1. e4 e5 2. Nf3 Nc6 3. Bb5 Nf6 4. d3 Bc5 5. c3 O-O 6. O-O d6 7. Nbd2 Bb6 8. Bxc6
bxc6 9. h3 Ba6 10. c4 Bb7 11. Qc2 a5 12. c5 Bxc5 13. Nxe5 dxe5 14. Qxc5 Qxd3 15.
Qxe5 Rfe8 16. Qxc7 Ba6 17. Re1 Nd5 18. Qxa5 Bb5 19. Qxa8 Rxa8 20. exd5 Qxd5 21.
Nb1 Qd3 22. a4 h6 23. Nc3 Bc4 24. a5 Qc2 25. Ra3 Ba6 26. Ne4 Rd8 27. Rc3 Qa4 28.
Bd2 f5 29. Nc5 Qxa5 30. Rd3 Qb6 31. Nd7 Qxb2 32. Rd6 Kh8 33. Re7 Bc8 34. Nf6 Rf8
35. Nh5 Ba6 36. Rxg7 1-0

[Event "1st Hainan Open 2016"]
[Site "Danzhou CHN"]
[Date "2016.12.13"]
[Round "6.2"]
[White "Yermolinsky, Alex"]
[Black "Wen, Yang"]
[Result "0-1"]
[WhiteTitle "GM"]
[BlackTitle "GM"]
[WhiteElo "2486"]
[BlackElo "2607"]
[WhiteFideId "2005492"]
[BlackFideId "8602956"]
[EventDate "2016.12.07"]

1. d4 d5 2. c4 c6 3. Nf3 Nf6 4. Nc3 e6 5. e3 Nbd7 6. Qc2 Bd6 7. b3 O-O 8. Bb2
Qe7 9. Be2 b6 10. O-O Bb7 11. Rad1 Rad8 12. cxd5 exd5 13. Bd3 Rfe8 14. Ne2 Ne4
15. Ng3 Nxg3 16. hxg3 g6 17. Qe2 f5 18. Qd2 Qf8 19. Be2 Re7 20. Qc1 Re6 21. Ng5
Ree8 22. Nf3 Rc8 23. Qa1 Qe7 24. Rfe1 a5 25. a3 Qf6 26. Bc3 Qe7 27. Bb2 Nb8 28.
Ne5 Ba6 29. Qc1 Rc7 30. Bf3 Bb7 31. g4 Nd7 32. gxf5 gxf5 33. Bh5 Rf8 34. f4 Qh4
35. Bf3 Nf6 36. Rd2 Rg7 37. Rf1 Ng4 38. Bxg4 fxg4 39. g3 Qxg3+ 40. Rg2 Qh4 41.
Rh2 Qg3+ 42. Rg2 Qh4 43. Rh2 Qf6 44. Rh5 Ba6 45. Rf2 Bd3 46. Rg2 Be4 47. Rxg4
Kh8 48. Rhg5 Rxg5 49. Rxg5 Qh6 50. Qd2 Qh1+ 51. Kf2 Be7 52. Rg1 Qh2+ 0-1

[Event "1st Hainan Open 2016"]
[Site "Danzhou CHN"]
[Date "2016.12.13"]
[Round "6.3"]
[White "Zhou, Jianchao"]
[Black "Hamitevici, Vladimir"]
[Result "1-0"]
[WhiteTitle "GM"]
[BlackTitle "IM"]
[WhiteElo "2632"]
[BlackElo "2477"]
[WhiteFideId "8603537"]
[BlackFideId "13902393"]
[EventDate "2016.12.07"]

1. d4 Nf6 2. c4 e6 3. Nc3 Bb4 4. Qc2 O-O 5. Nf3 b6 6. e4 c5 7. e5 cxd4 8. a3
Bxc3+ 9. bxc3 Ne8 10. cxd4 Bb7 11. Be2 f6 12. O-O Kh8 13. a4 Nc6 14. Ba3 Rg8 15.
Bd3 f5 16. d5 Na5 17. Rad1 Rc8 18. Qe2 Nc7 19. Nd4 Qh4 20. f4 Rge8 21. Rf3 Qg4
22. Rdf1 Na6 23. Nb5 exd5 24. Nd6 dxc4 25. Bxf5 Bxf3 26. Rxf3 Qh5 27. Bxd7 Nb3
28. Bxc8 Rxc8 29. Nxc8 Nd4 30. Qd1 Nxf3+ 31. Qxf3 Qf5 32. Nd6 1-0

[Event "1st Hainan Open 2016"]
[Site "Danzhou CHN"]
[Date "2016.12.13"]
[Round "6.4"]
[White "Jumabayev, Rinat"]
[Black "Tsydypov, Zhamsaran"]
[Result "0-1"]
[WhiteTitle "GM"]
[BlackTitle "IM"]
[WhiteElo "2611"]
[BlackElo "2460"]
[WhiteFideId "13702661"]
[BlackFideId "4108566"]
[EventDate "2016.12.07"]

1. d4 g6 2. c4 Bg7 3. e4 c5 4. d5 d6 5. Nc3 e6 6. dxe6 Bxe6 7. Nb5 Nc6 8. f4 Nd4
9. Nxd4 cxd4 10. Bd3 Qc7 11. Bd2 Nf6 12. Rc1 O-O 13. Nf3 Ng4 14. Qe2 Ne3 15. h3
Qb6 16. b3 a5 17. Kf2 a4 18. Bxe3 dxe3+ 19. Qxe3 Qb4 20. Rb1 axb3 21. axb3 Rfe8
22. Kg3 Ra2 23. Rhd1 d5 24. e5 Bh6 25. Bf1 Rd8 26. Rd4 Qb6 27. Rbd1 Rc8 28. Qe1
dxc4 29. Bxc4 Bf8 30. Bxe6 Qxe6 31. R1d2 Qxb3 32. R4d3 Qc4 33. Ng5 Bb4 34. Rd8+
Kg7 35. f5 Bxd2 36. f6+ Kh6 37. Rxd2 Qc3+ 38. Kh2 Kxg5 39. Qe4 Rc4 0-1

[Event "1st Hainan Open 2016"]
[Site "Danzhou CHN"]
[Date "2016.12.13"]
[Round "6.5"]
[White "Fang, Yan"]
[Black "Zhao, Zong-Yuan"]
[Result "1/2-1/2"]
[BlackTitle "GM"]
[WhiteElo "2429"]
[BlackElo "2544"]
[WhiteFideId "8604746"]
[BlackFideId "3202534"]
[EventDate "2016.12.07"]

1. e4 e5 2. Nf3 Nc6 3. Bc4 Nf6 4. d3 Bc5 5. c3 d6 6. O-O a6 7. a4 Ba7 8. Na3 O-O
9. Bg5 Be6 10. b4 h6 11. Bh4 Re8 12. b5 Nb8 13. Nd2 c6 14. bxc6 bxc6 15. Bxe6
Rxe6 16. Nc2 Nbd7 17. a5 Qc7 18. Nb4 Bc5 19. Qa4 Bxb4 20. cxb4 Nh5 21. Bg3 Ree8
22. Rfc1 Rec8 23. Nc4 Rab8 1/2-1/2

[Event "1st Hainan Open 2016"]
[Site "Danzhou CHN"]
[Date "2016.12.13"]
[Round "6.6"]
[White "Xu, Yinglun"]
[Black "Dai, Changren"]
[Result "1-0"]
[WhiteElo "2535"]
[BlackElo "2436"]
[WhiteFideId "8604940"]
[BlackFideId "8608156"]
[EventDate "2016.12.07"]

1. d4 Nf6 2. c4 g6 3. Nc3 Bg7 4. e4 d6 5. Be2 O-O 6. Nf3 e5 7. O-O Nc6 8. d5 Ne7
9. Bg5 Nh5 10. Bd3 f6 11. Bd2 f5 12. exf5 Nxf5 13. g3 Nf6 14. Re1 Nd4 15. Nxd4
exd4 16. Ne4 Nxe4 17. Bxe4 Bh3 18. Qb3 b6 19. f3 Qf6 20. Qd3 Rae8 21. Rad1 Re7
22. Bc1 Rfe8 23. Re2 Bf5 24. Rde1 Bxe4 25. Rxe4 h5 26. Rxe7 Rxe7 27. Rxe7 Qxe7
28. Kf1 Kf7 29. b3 Qd7 30. Kg2 Qe7 31. Bd2 Bf6 32. a4 Qe5 33. a5 Qe8 34. h3 h4
35. g4 bxa5 36. Qe4 Qb8 37. Qe6+ Kg7 38. g5 Be5 39. f4 Qxb3 40. fxe5 Qg3+ 41.
Kf1 Qf3+ 42. Ke1 Qg3+ 43. Ke2 d3+ 44. Kd1 Qf3+ 45. Kc1 Qf1+ 46. Kb2 Qd1 47. Qf6+
Kh7 48. Qf7+ 1-0

[Event "1st Hainan Open 2016"]
[Site "Danzhou CHN"]
[Date "2016.12.13"]
[Round "6.7"]
[White "Peng, Xiongjian"]
[Black "Batchuluun, Tsegmed"]
[Result "1/2-1/2"]
[BlackTitle "GM"]
[WhiteElo "2362"]
[BlackElo "2521"]
[WhiteFideId "8610550"]
[BlackFideId "4900847"]
[EventDate "2016.12.07"]

1. e4 e6 2. d4 d5 3. exd5 exd5 4. Bd3 Bd6 5. Qf3 c6 6. Ne2 Qf6 7. Nd2 Be6 8. c3
Nd7 9. Ng3 g6 10. O-O Qxf3 11. Nxf3 f6 12. Re1 Kf7 13. Ne2 Ne7 14. Bf4 Bxf4 15.
Nxf4 Bf5 16. Bxf5 Nxf5 17. g4 Nd6 18. Re2 Rae8 19. Rae1 Rxe2 20. Rxe2 g5 21. Nh5
Re8 22. Rxe8 Kxe8 23. Nd2 f5 24. gxf5 Nxf5 25. Ng3 Nh4 26. f4 g4 27. Kf2 Kf7 28.
Nb3 b6 29. Nc1 c5 30. Nd3 cxd4 31. cxd4 Ke6 32. f5+ Nxf5 33. Nf4+ Kf6 34. Nxd5+
Kg5 35. Nxf5 Kxf5 36. Ke3 h5 37. Ne7+ Kg5 38. d5 h4 39. d6 a5 40. a4 h3 41. Kf2
Kf4 42. Ng6+ Kf5 43. Ne7+ Ke5 44. Nc8 Kf4 45. b3 Kf5 46. Ne7+ Ke6 47. Nc8 Nc5
48. Kg3 Kf5 49. Nxb6 Kg5 50. Kf2 Ne4+ 51. Kg1 Nxd6 52. Nc4 Nb7 53. Kf1 Kf5 54.
Kf2 Kf4 55. Ne3 Nc5 56. Nd5+ Kg5 57. Ne3 Nxb3 58. Kg3 Nc5 59. Nxg4 Nxa4 60. Ne5
Nb2 61. Nc6 a4 62. Nb4 a3 63. Kxh3 Kf4 64. Kg2 Ke4 65. h4 Nd3 66. Na2 Kd4 67.
Kf3 Kc4 68. Ke2 Nb4 69. Nc1 Kc3 70. h5 Nd5 71. h6 Nf6 72. Kd1 Kb2 73. Nd3+ Kc3
74. Nc1 Nh7 75. Na2+ Kb2 76. Nc1 Ng5 77. Nd3+ Kc3 78. Nc1 Kb2 79. Nd3+ Kc3 80.
Nc1 Kb2 81. Nd3+ 1/2-1/2

[Event "1st Hainan Open 2016"]
[Site "Danzhou CHN"]
[Date "2016.12.13"]
[Round "6.8"]
[White "Li, Yankai"]
[Black "Fang, Yuxiang"]
[Result "1/2-1/2"]
[BlackTitle "IM"]
[WhiteElo "2324"]
[BlackElo "2510"]
[WhiteFideId "8609357"]
[BlackFideId "8605840"]
[EventDate "2016.12.07"]

1. d4 d5 2. c4 c6 3. Nf3 Nf6 4. Nc3 a6 5. c5 Nbd7 6. Bf4 Nh5 7. Bd2 Nhf6 8. Bf4
Nh5 9. Bd2 Nhf6 10. Qc2 g6 11. h3 Qc7 12. Bg5 Bg7 13. e3 e5 14. dxe5 Nxe5 15.
Nxe5 Qxe5 16. Bf4 Qe7 17. Na4 Bf5 18. Bd3 Bxd3 19. Qxd3 Ne4 20. Rc1 O-O 21. O-O
Be5 22. Bxe5 Qxe5 23. Rfe1 Rfe8 24. b4 Re7 25. Nc3 Nxc3 26. Qxc3 Qxc3 27. Rxc3
Re4 28. Rb1 Rae8 29. Rbb3 d4 30. Rd3 dxe3 31. fxe3 R8e7 32. a3 1/2-1/2

[Event "1st Hainan Open 2016"]
[Site "Danzhou CHN"]
[Date "2016.12.13"]
[Round "6.9"]
[White "Xu, Yi"]
[Black "Rapport, Richard"]
[Result "1/2-1/2"]
[WhiteTitle "IM"]
[BlackTitle "GM"]
[WhiteElo "2430"]
[BlackElo "2717"]
[WhiteFideId "8605564"]
[BlackFideId "738590"]
[EventDate "2016.12.07"]

1. e4 Nc6 2. Nf3 d6 3. d4 Nf6 4. Nc3 g6 5. d5 Nb8 6. Be3 Bg7 7. Qd2 O-O 8. Bh6
c6 9. Bxg7 Kxg7 10. Be2 Qb6 11. Rb1 Nbd7 12. O-O Nc5 13. Qf4 Bg4 14. h3 Bxf3 15.
Bxf3 Ncd7 16. Qg3 a5 17. Be2 a4 18. a3 Qc5 19. Rbd1 Ra5 20. Rd2 Rb8 21. Qh4 h5
22. Kh2 Rc8 23. Rd3 b5 24. Rfd1 b4 25. e5 bxc3 26. exf6+ Nxf6 27. Rxc3 Qb6 28.
dxc6 Rxc6 29. Qb4 Rf5 30. f3 Re5 31. Bd3 Qc7 32. Rxc6 Qxc6 33. Re1 Qd5 34. Qc3
Rxe1 35. Qxe1 Qg5 36. Kh1 e5 37. b3 d5 38. bxa4 e4 39. fxe4 dxe4 40. Be2 Qe3 41.
a5 Nd5 42. a6 Kh7 43. Qf1 f5 44. Bxh5 Nc3 1/2-1/2

[Event "1st Hainan Open 2016"]
[Site "Danzhou CHN"]
[Date "2016.12.13"]
[Round "6.10"]
[White "Rapport, Jovana"]
[Black "Lu, Shanglei"]
[Result "0-1"]
[WhiteTitle "WGM"]
[BlackTitle "GM"]
[WhiteElo "2341"]
[BlackElo "2627"]
[WhiteFideId "937266"]
[BlackFideId "8603332"]
[EventDate "2016.12.07"]

1. d4 d6 2. e4 g6 3. c4 Bg7 4. Nc3 Nc6 5. Be3 Nf6 6. Be2 e5 7. d5 Nd4 8. Bxd4
exd4 9. Qxd4 O-O 10. Qd3 Re8 11. Qc2 c6 12. Nf3 Nxe4 13. Nxe4 Bf5 14. Nfd2 cxd5
15. cxd5 Qh4 16. Bd3 Rac8 17. Qa4 Bxe4 18. Nxe4 Bxb2 19. Rb1 b5 20. Qd1 Rxe4+
21. Kf1 Bd4 22. g3 Qh3+ 23. Kg1 Re3 24. Qd2 Rf3 25. Be4 Bxf2+ 26. Qxf2 Rxf2 27.
Kxf2 Rc4 28. Bd3 Rd4 0-1

[Event "1st Hainan Open 2016"]
[Site "Danzhou CHN"]
[Date "2016.12.13"]
[Round "6.11"]
[White "Sandipan, Chanda"]
[Black "Liu, Chang"]
[Result "1-0"]
[WhiteTitle "GM"]
[WhiteElo "2593"]
[BlackElo "2334"]
[WhiteFideId "5004225"]
[BlackFideId "8606340"]
[EventDate "2016.12.07"]

1. d4 Nf6 2. Nf3 g6 3. Nbd2 d5 4. b4 Bg7 5. Bb2 O-O 6. e3 Bg4 7. h3 Bxf3 8. Nxf3
Nbd7 9. c4 c6 10. a4 a5 11. b5 c5 12. Be2 Rc8 13. Rc1 cxd4 14. exd4 dxc4 15.
Bxc4 Nb6 16. Bb3 Qd6 17. O-O Nfd5 18. Qd2 Qb4 19. Qxb4 Nxb4 20. Ba3 N6d5 21. Rc5
Nc3 22. Re1 Bf6 23. Ne5 Kg7 24. b6 Rxc5 25. dxc5 Ncd5 26. Bxd5 Nxd5 27. Nc4 Rb8
28. Rd1 Nc3 29. Rd7 Nxa4 30. Nxa5 Ra8 31. Nc4 Nxc5 32. Bxc5 Ra1+ 33. Kh2 Rc1 34.
Rd4 Bxd4 35. Bxd4+ f6 36. Na5 Rd1 37. Be3 Rd7 38. Nb3 Rd6 39. Kg3 Kf7 40. Kf3
Ke8 41. Na5 Rd7 42. Ke4 Kd8 43. Bc5 Kc8 44. Nc4 Kd8 45. Bd4 Ke8 46. f4 Kf7 47.
Na5 Ke8 48. Nb3 Rd6 49. Bc5 Rd1 50. Na5 Kd7 51. Be3 Kc8 52. Nb3 Kd7 53. Nc5+ Kc6
54. Ne6 Kd7 55. Nc5+ Kc6 56. Nb3 Kb5 57. Nd2 Kc6 58. Kf3 Rh1 59. Kf2 Rd1 60. g4
Ra1 61. Nb3 Ra2+ 62. Kf3 Kb5 63. f5 gxf5 64. gxf5 Rh2 65. Kg3 Rh1 66. Nd2 Kc6
67. h4 Re1 68. Bf2 Ra1 69. Ne4 Ra4 70. Kf3 Ra5 71. Ng3 Ra4 72. h5 Rh4 73. Be3
Kd5 74. h6 Rh3 75. Kg4 Rh2 76. Bf4 Rb2 77. Bc7 Rb4+ 78. Kh3 Rb3 79. Kh4 Rb4+ 80.
Kh5 Rb2 81. Bd8 Rb3 82. Kg4 Rb4+ 83. Kh3 Kd6 84. Nh5 Ke5 85. Ng7 Kf4 86. Bc7+
Kg5 87. Ne6+ Kxf5 88. Nc5 e5 89. Nxb7 Ke6 90. Nc5+ Kd5 91. Nd7 Ke6 92. Nf8+ Kf7
93. Nxh7 Rb3+ 94. Kg2 e4 95. Kf2 Kg6 96. Nf8+ 1-0

[Event "1st Hainan Open 2016"]
[Site "Danzhou CHN"]
[Date "2016.12.13"]
[Round "6.12"]
[White "Zhang, Ziji"]
[Black "Werle, Jan"]
[Result "1/2-1/2"]
[BlackTitle "GM"]
[WhiteElo "2329"]
[BlackElo "2560"]
[WhiteFideId "8609470"]
[BlackFideId "1006088"]
[EventDate "2016.12.07"]

1. d4 Nf6 2. c4 e6 3. Nc3 Bb4 4. Nf3 c5 5. e3 d6 6. Bd3 Nc6 7. O-O Bxc3 8. bxc3
e5 9. Nd2 O-O 10. d5 Ne7 11. f3 Ne8 12. e4 Ng6 13. g3 f5 14. exf5 Bxf5 15. Ne4
Qd7 16. Qc2 Ne7 17. Bd2 Nf6 18. Ng5 h6 19. Bxf5 Qxf5 20. Qxf5 Nxf5 21. Ne6 Rf7
22. Rab1 g5 23. Kg2 Re8 24. h4 gxh4 25. g4 Ng7 26. Bxh6 Nxe6 27. dxe6 Rxe6 28.
Bg5 Rh7 29. Kh3 Ne8 30. Rbe1 Ng7 31. f4 exf4 32. Bxf4 Rf6 33. Bc1 Rxf1 34. Rxf1
Ne8 35. Bg5 Nc7 36. Rd1 Rd7 37. Kxh4 Ne6 38. Bc1 Kf7 39. Kh5 Rd8 40. Rf1+ Ke7
41. g5 Rh8+ 42. Kg6 Rg8+ 43. Kh7 Rg7+ 44. Kh6 Rg8 45. Kh7 Rg7+ 46. Kh8 Rg6 47.
Kh7 Rg7+ 48. Kh6 Rg8 49. Kh5 Rh8+ 50. Kg6 Rg8+ 51. Kh7 1/2-1/2

[Event "1st Hainan Open 2016"]
[Site "Danzhou CHN"]
[Date "2016.12.13"]
[Round "6.13"]
[White "Liu, Yan"]
[Black "Gusain, Himal"]
[Result "1/2-1/2"]
[WhiteTitle "FM"]
[WhiteElo "2403"]
[BlackElo "2448"]
[WhiteFideId "8608962"]
[BlackFideId "5033861"]
[EventDate "2016.12.07"]

1. d4 Nf6 2. Nf3 e6 3. e3 c5 4. c4 g6 5. Bd3 Bg7 6. O-O O-O 7. b3 b6 8. Bb2 Bb7
9. Nc3 Nc6 10. dxc5 bxc5 11. Qe2 d6 12. Rad1 Qe7 13. Bb1 Rfd8 14. Rd2 Rd7 15.
Rfd1 Rad8 16. Ne1 d5 17. cxd5 exd5 18. Ba3 Nb4 19. Bd3 a5 20. Bb5 Rd6 21. Bb2
Ne8 22. a3 Na6 23. Na4 Nec7 24. Bxg7 Kxg7 25. Nc2 h5 26. Qf1 Rb8 27. Be2 Bc6 28.
Bxa6 Bxa4 29. bxa4 Rxa6 30. Rxd5 Nxd5 31. Qxa6 Qe4 32. Ne1 Nc3 33. Rc1 Rb1 34.
Rxb1 Qxb1 35. Kf1 Nxa4 36. Qc4 Qd1 37. g3 Kg8 38. h4 Nb2 39. Qc3 Na4 40. Qc4 Nb2
41. Qc3 1/2-1/2

[Event "1st Hainan Open 2016"]
[Site "Danzhou CHN"]
[Date "2016.12.13"]
[Round "6.14"]
[White "Lin, Yi"]
[Black "Chu, Wei Chao"]
[Result "1/2-1/2"]
[BlackTitle "IM"]
[WhiteElo "2422"]
[BlackElo "2281"]
[WhiteFideId "8609659"]
[BlackFideId "8605661"]
[EventDate "2016.12.07"]

1. d4 Nf6 2. c4 g6 3. Nc3 d5 4. Bf4 Bg7 5. e3 O-O 6. Nf3 c5 7. dxc5 Qa5 8. Rc1
dxc4 9. Bxc4 Qxc5 10. Bb3 Qa5 11. O-O Nc6 12. h3 Bf5 13. Qe2 Ne4 14. Nd5 e5 15.
Bh2 Be6 16. Rfd1 Rfd8 17. Qc4 Nf6 18. e4 Rac8 19. Ng5 Nd4 20. Ne7+ Kf8 21. Nxe6+
Kxe7 22. Nxd8 Rxc4 23. Bxc4 Nxe4 24. Nxf7 Qb6 25. Nxe5 Bxe5 26. Bxe5 Nf3+ 27.
gxf3 Qxf2+ 28. Kh1 Qxf3+ 1/2-1/2

[Event "1st Hainan Open 2016"]
[Site "Danzhou CHN"]
[Date "2016.12.13"]
[Round "6.15"]
[White "Zhu, Yi"]
[Black "Liu, Guanchu"]
[Result "0-1"]
[WhiteTitle "FM"]
[BlackTitle "IM"]
[WhiteElo "2306"]
[BlackElo "2418"]
[WhiteFideId "8607435"]
[BlackFideId "8603901"]
[EventDate "2016.12.07"]

1. d4 e6 2. g3 Nf6 3. c4 c5 4. d5 exd5 5. cxd5 b5 6. Bg2 d6 7. Nh3 g6 8. Nf4 Bg7
9. Nc3 a6 10. h3 O-O 11. O-O Re8 12. Re1 Nbd7 13. Nd3 b4 14. Na4 a5 15. Qc2 Ba6
16. Bf4 c4 17. Nc1 Bb5 18. Rb1 Rc8 19. g4 Qe7 20. Qd1 h5 21. Bg5 hxg4 22. h4 Qe5
23. b3 Bxa4 24. bxa4 Ne4 25. Nd3 Qxd5 0-1

[Event "1st Hainan Open 2016"]
[Site "Danzhou CHN"]
[Date "2016.12.13"]
[Round "6.16"]
[White "Kulkarni, Bhakti"]
[Black "Ji, Dan"]
[Result "1-0"]
[WhiteTitle "CM"]
[WhiteElo "2281"]
[BlackElo "2398"]
[WhiteFideId "5019516"]
[BlackFideId "8601887"]
[EventDate "2016.12.07"]

1. d4 Nf6 2. c4 g6 3. Nc3 d5 4. Nf3 Bg7 5. Qb3 dxc4 6. Qxc4 O-O 7. e4 Nfd7 8.
Be2 Nb6 9. Qd3 c5 10. dxc5 Qxd3 11. Bxd3 Bxc3+ 12. bxc3 Na4 13. Ba3 Rd8 14. Bc4
Be6 15. Bxe6 fxe6 16. Nd4 Kf7 17. Nf3 Nc6 18. Ng5+ Kg8 19. Nxe6 Rd3 20. Rc1 Ne5
21. c6 Nxc6 22. Nc5 Rxc3 23. Rxc3 Nxc3 24. Kd2 Nb5 25. Bb2 Rd8+ 26. Ke3 Nd6 27.
Rc1 Na5 28. Ke2 Rc8 29. f3 Ndc4 30. Bd4 b5 31. Rb1 Nc6 32. Bf2 Na3 33. Rd1 a5
34. Rd7 b4 35. Na4 Nb5 36. Nb6 Nc3+ 37. Kd2 Rd8 38. Rxd8+ Nxd8 39. Nc4 Nc6 40.
a3 Nb5 41. a4 Nc3 42. Nb2 e5 43. Kd3 Kf7 44. Be1 Na2 45. Kc4 Ke6 46. Bd2 Nd4 47.
Be3 Nc6 48. Nd1 b3 49. Kxb3 Nab4 50. Kc4 1-0

[Event "1st Hainan Open 2016"]
[Site "Danzhou CHN"]
[Date "2016.12.13"]
[Round "6.17"]
[White "Gu, Tianlu"]
[Black "Li, Bo"]
[Result "0-1"]
[WhiteTitle "WIM"]
[BlackTitle "IM"]
[WhiteElo "2251"]
[BlackElo "2364"]
[WhiteFideId "8603995"]
[BlackFideId "8602786"]
[EventDate "2016.12.07"]

1. d4 Nf6 2. Bg5 d5 3. e3 g6 4. Bxf6 exf6 5. g3 Bg7 6. Bg2 c6 7. Ne2 f5 8. Qd3
O-O 9. O-O b6 10. c4 Ba6 11. Nd2 Qe7 12. Rfc1 Nd7 13. Qc2 Rac8 14. Qa4 Nb8 15.
Nf4 dxc4 16. Nxc4 b5 17. Qa3 Qxa3 18. Nxa3 c5 19. Nc2 Rfd8 20. Nd5 Kf8 21. Rab1
Bb7 22. Nf4 Bxg2 23. Kxg2 cxd4 24. exd4 Bh6 25. Ne3 Bxf4 26. gxf4 Nc6 27. d5 Nb4
28. Rxc8 Rxc8 29. a3 Nc2 30. Nf1 Ke7 31. Kf3 Kd6 32. Rd1 Rc4 33. Rd2 Nd4+ 34.
Kg2 Nb3 35. Rd3 Nc5 36. Rf3 Rd4 37. Rc3 Nd3 38. Rc6+ Kxd5 39. Rc7 Nxf4+ 40. Kf3
Ke5 41. Rxa7 Rd3+ 42. Ne3 Ne6 43. Ke2 Rb3 44. Nd1 Kf6 45. Kd2 h5 46. h4 Rh3 47.
a4 bxa4 48. Rxa4 Nc5 49. Rc4 Ne4+ 50. Ke2 Rxh4 51. Rc6+ Ke5 52. b4 Nd6 53. b5
Rb4 54. Nc3 Nxb5 55. f4+ Kd4 56. Nd1 Ke4 57. Nf2+ Kd5 58. Rf6 Rb2+ 59. Kf3 Nd6
60. Nd3 Rb3 61. Ke2 Rxd3 62. Kxd3 h4 63. Ke3 h3 64. Kf3 Kc6 65. Kg3 Kd7 66. Kxh3
Ke7 67. Rxd6 Kxd6 0-1